[Event "Antioquia Region-ch U1800"]
[Site "Medellin"]
[Date "2009.09.??"]
[Round "3.13"]
[White "Londono Galeano, Diego"]
[Black "Castrillon Urrea, Andres"]
[Result "1-0"]
[WhiteElo "1625"]
[BlackElo "1710"]
[PlyCount "55"]
[EventDate "2009.09.08"]
[EventType "tourn"]
[EventRounds "7"]
[EventCountry "COL"]
[SourceTitle "EXT 2024"]
[Source "ChessBase"]
[SourceDate "2023.10.10"]
[SourceVersion "1"]
[SourceVersionDate "2023.10.10"]
[SourceQuality "1"]

1. e4 e5 2. Nf3 Nc6 3. d4 exd4 4. Bc4 h6 5. Nxd4 Ne5 6. Bb3 Nf6 7. f4 Nc6 8. Nc3 Bb4 9. Nf5 g6 10. Ng3 d6 11. Qd3 Qe7 12. Bd2 Be6 13. 0-0-0 Bxb3 14. axb3 0-0-0 15. Nd5 Bxd2+ 16. Rxd2 Nxd5 17. exd5 Nb4 18. Qd4 a5 19. Qa7 b6 20. c3 Na2+ 21. Kb1 Nxc3+ 22. bxc3 Qf6 23. Qa8+ Kd7 24. Qc6+ Kc8 25. Re2 Kb8 26. Rhe1 Qxf4 27. Rf1 Qh4 28. Rxf7 1-0